000 00535nam a2200181Ia 4500
999 _c28918
_d28918
003 OSt
005 20210101093248.0
008 190216s9999||||xx |||||||||||||| ||und||
020 _a978818801596
040 _coclc
082 _a894.812301
_bMEN/B
100 _aMenon, Latha Lakshmi
_98048
245 0 _aBharathiyude Randam Yaamam /
_cLatha Lakshmi Menon
260 _bLipi Publications,
_aKozhikode:
_c2006.
300 _a88p
650 _aKathakal
942 _cBK
_2ddc
_h894.812301
_iMEN/B
_k894.812301
_mMEN/B